000
00281nam a2200109Ia 4500
008
220204s9999 xx 000 0 und d
082
_a
631.452
_b
HAU
100
_a
Hauser, G F
245
0
_a
Soil fertility investigations on farmers' fields
260
_a
Rome
_b
FAO
_c
1970
942
_c
BK
999
_c
41001
_d
41001